000 01169nam a22002777a 4500
999 _c116465
_d116465
003 dpl
005 20190306130106.0
008 190306b ||||| |||| 00| 0 eng d
010 _aB-072821
020 _c120.00
_a8188461008
035 _aB-072821, B-072825
037 _bCen Lib/Ret
040 _aDPL
_bHN
_c0
082 _a
_bआवटे
100 _aआवटे, गोपाल नारायण
_945158
245 _aसम्बन्ध की सच्चाई /
_cगोपाल नारायण आवटे
246 _aSambandh ki sachchyi /
_bby Gopal Narayan Avte
260 _a दिल्ली
_bआर्यन प्रकाशन
_c2003
270 _b दिल्ली
_a132/2, कागज़ भवन बताशन, चावड़ी बाज़ार
_e110006
300 _a120पृ.
_c19सेमी (सजिल्द)
650 _aहिन्दी साहित्य
_966668
650 _aहिन्दी साहित्य
_xकहानियां
_963853
650 _aHindi Literature
_966669
650 _aHindi Literature
_xstories
_966670
942 _2ddc
_cHN
_h
_mआवटे